=LDR 00000nam 2200000 4500 =001 INLIS000000000004297 =005 20220214124030 =035 ##$$a 0010-0222000908 =245 1#$$a Pengaruh Water Dillution Terhadap Oil Press (Stasiun Digester Dan Press) : $b Kuliah Kerja Praktek /$c Rian Prianggodho =100 1#$$a PRIANGGODHO, Rian =250 ##$$a 2019 =300 ##$$a vi, 24 halaman : $b Tabel, Gambar ; $c 21,8x29,8 cm =856 ##$$a OPAC (Rak KKP D1 OPM 2019) =260 ##$$a Makassar :$b Politeknik ATI Makassar - Gama Plantation - D1 OPM,$c 2019 =082 ##$$a (R)2019 LKKP-D1 OPM 818 =084 ##$$a (R)2019 LKKP-D1 OPM 818 PRI p =650 #4$$a Laporan Praktek D1 OPM 2019 =500 ##$$a Laporan Praktek D1 OPM 2019 =990 ##$$a 02/LKKP D1 OPM 2019